Z dziejów polskiego ruchu młodzieżowego na Łotwie 1918-1940 / (Rekord nr 27397)
| 000 -Nagłówek | |
|---|---|
| fixed length control field | 01510nam a22004337a 4500 |
| 003 - Siglum bibl., której nr kontr. jest w 001 | |
| control field | OLSZT 008 |
| 005 - Data i czas ostatniej operacji | |
| control field | 20260331225817.0 |
| 008 - Elementy pola stałej długości | |
| fixed length control field | 260331s2009 pl 2 000 0 pol d |
| 040 ## - Instytucja sporządzająca opis | |
| Instytucja, która sporządziła opis | OLSZT 008/bak |
| język katalgowania-trzyzn. kod | pol |
| zasady opisu | rda |
| Instytucja, która sporządziła rekord | OLSZT 008/bak |
| 041 0# - Kod nazwy języka dokumentu | |
| Język tekstu | pol |
| Język streszczeń | eng |
| 045 2# - Okres czasu dla zawartości | |
| czas między r. 9999 pne a nasz. czas. | d1918 |
| -- | d1940 |
| 046 ## - Kod rodz. daty, data1, data2 (daty pne) | |
| Begin/single date | 2009 |
| 100 1# - Hasło główne-nazwa osobowa | |
| Nazwa osobowa | Gąsiorowski, Andrzej |
| Daty biograficzne | (1935- ). |
| rodzaj współpracy | Autor |
| 9 (RLIN) | 19377 |
| 245 10 - Tytuł właściwy i oznaczenie odpow. | |
| tytuł | Z dziejów polskiego ruchu młodzieżowego na Łotwie 1918-1940 / |
| dod. inf. ze s. tyt./ozn. odpow. | Andrzej Gąsiorowski. |
| 260 ## - Adres wydawniczy | |
| miejsce wydania, dystrybucji itp. | Olsztyn : |
| nazwa wydawcy, dystrybutora itp. | Wydawnictwo OSW, |
| data wydania, dystrybucji itp. | 2009. |
| 300 ## - Opis fizyczny | |
| objętość i/lub forma materiału | Strony [122]-147 ; |
| format | 21 cm. |
| 336 ## - Content Type | |
| Term | Text |
| Code | txt |
| Source | rdacontent |
| 337 ## - Media Type | |
| Term | Bez urządzenia pośredniczącego |
| Code | n |
| Source | rdamedia |
| 338 ## - Carrier Type | |
| Term | Wolumin |
| Code | nc |
| Source | rdacarrier |
| 380 ## - Form of work | |
| Form of work | Książki |
| 380 ## - Form of work | |
| Form of work | Publikacje naukowe |
| 388 1# - TIME PERIOD OF CREATION | |
| Time period of creation term | 2001- |
| 500 ## - Uwaga ogólna | |
| uwaga ogólna | Odbitka z: Szkice Humanistyczne / OSW, Tom IX nr 1, 2009. |
| 546 ## - Uwaga o języku opisywanego materiału | |
| uwaga o języku | Streszczenie w języku angielskim i polskim. |
| 648 #7 - SUBJECT ADDED ENTRY--CHRONOLOGICAL TERM | |
| Chronological term | 1901-2000 |
| 648 ## - SUBJECT ADDED ENTRY--CHRONOLOGICAL TERM | |
| Chronological term | 1918-1939 |
| 648 #7 - SUBJECT ADDED ENTRY--CHRONOLOGICAL TERM | |
| Chronological term | 1939-1945 |
| 650 #7 - Hasło przedmiotowe-nazwa pospolita | |
| nazwa pospolita lub geogr. | Organizacje młodzieżowe |
| źródło hasła | DBN |
| 9 (RLIN) | 39362 |
| 650 #7 - Hasło przedmiotowe-nazwa pospolita | |
| nazwa pospolita lub geogr. | Mniejszości narodowe |
| źródło hasła | DBN |
| 9 (RLIN) | 35448 |
| 650 #7 - Hasło przedmiotowe-nazwa pospolita | |
| nazwa pospolita lub geogr. | Stosunki etniczne |
| źródło hasła | DBN |
| 9 (RLIN) | 35427 |
| 651 #7 - Hasło przedmiotowe-nazwa geogr. | |
| nazwa geograficzna | Łotwa |
| źródło hasła | DBN |
| 9 (RLIN) | 35412 |
| 651 #7 - Hasło przedmiotowe-nazwa geogr. | |
| nazwa geograficzna | Polska |
| źródło hasła | DBN |
| 9 (RLIN) | 35076 |
| 655 #7 - Termin określający rodzaj/formę | |
| rodzaj/forma | Artykuł z czasopisma naukowego |
| źródło terminu | DBN |
| 9 (RLIN) | 36020 |
| 658 #7 - Nazwa określająca cel programu nauczania | |
| główny cel programu nauczania | Historia |
| 9 (RLIN) | 35177 |
| 710 2# - Hasło dodatkowe - nazwa ciała zbior. | |
| nazwa ciała zbior. lub nazwa geogr. | Olsztyńska Szkoła Wyższa im. Józefa Rusieckiego. |
| nazwa jednostki podrzędnej | Wydawnictwo. |
| rodzaj współpracy | Wydawca |
| kod rodzaju współpracy | pbl |
| 9 (RLIN) | 18171 |
| 942 ## - ADDED ENTRY ELEMENTS (KOHA) | |
| Source of classification or shelving scheme | Dewey Decimal Classification |
| Koha item type | pozycje dostępne na miejscu |
| Status wycofania | Status zagubienia | Klasyfikacja | Status uszkodzenia | Blokada wypożyczeń | Kolekcja | Lokalizacja macierzysta | Lokalizacja bieżąca | Data nabycia | Numer akcesji | Źródło akcesji | Cena | Nr inwentarzowy | il. wypożyczeń | Sygnatura | Kod kreskowy | Date last seen | Price effective from | Typ egz. |
|---|---|---|---|---|---|---|---|---|---|---|---|---|---|---|---|---|---|---|
| Dewey Decimal Classification | nieuszkodzona | książka w magazynie | Biblioteka Instytutu Północnego w Olsztynie | Biblioteka Instytutu Północnego w Olsztynie | 08/11/2019 | D-36/2016 | dar | 3.00 | 59818 | 59818 | IPWK21517 | 31/03/2026 | 31/03/2026 | pozycje dostępne na miejscu |